00424 a2200121 4500001001000000005001700010008004100027245009400068100003000162700002200192773007100214999001700285ART_1076620260410161854.0260409a 10aPatentamiento de embriones. Breve reseña sobre el uso y apropiación de la vida humana1 aIglesias Darriba, Claudio1 aRivera, Arturo G.0 tDerecho privadogBioderecho - Año I, Nº 1 (mayo 2012)wREV10455 c25296d25296